000 00387pab a2200133 454500
008 180718b xxu||||| |||| 00| 0 eng d
100 _aMcCleary, William
245 _aThe earmarking of government revenue: a review of some world Bank experience
650 _a World Bank
650 _a Government Revenue
650 _aFinance, Public
773 _aWorld Bank Research Observer
909 _a681
999 _c681
_d681